| Tag |
First Indicator |
Second Indicator |
Subfields |
| LEADER |
00000pam a2200000 a 4500 |
| 001 |
in00000519321 |
| 005 |
20151013083859.0 |
| 008 |
831017c19841983nyua 00110 eng |
| 010 |
|
|
|a 83022097
|
| 020 |
|
|
|a 0453004431
|
| 035 |
|
|
|a (OCoLC)10072845
|
| 035 |
|
|
|9 ACF4596AM
|
| 039 |
0 |
|
|a 2
|b 3
|c 3
|d 3
|e 3
|
| 040 |
|
|
|a DLC
|c DLC
|d TXA
|d UtOrBLW
|
| 049 |
|
|
|a TXAM
|c [1364856]
|
| 050 |
0 |
0 |
|a HG179
|b .W439 1984
|
| 082 |
0 |
|
|a 332.024
|2 19
|
| 100 |
1 |
|
|a Weinstein, Grace W.
|
| 245 |
1 |
4 |
|a The lifetime book of money management /
|c Grace W. Weinstein.
|
| 264 |
|
1 |
|a New York :
|b New American Library,
|c [1984]
|
| 264 |
|
4 |
|c ©1983
|
| 300 |
|
|
|a xiii, 658 pages :
|b illustrations ;
|c 24 cm.
|
| 336 |
|
|
|a text
|b txt
|2 rdacontent
|
| 337 |
|
|
|a unmediated
|b n
|2 rdamedia
|
| 338 |
|
|
|a volume
|b nc
|2 rdacarrier
|
| 500 |
|
|
|a "NAL books."
|
| 500 |
|
|
|a Includes index.
|
| 650 |
|
0 |
|a Finance, Personal.
|
| 999 |
|
|
|a MARS
|
| 999 |
f |
f |
|s f5e32a5b-094f-3868-97cb-8f3925f0b24a
|i 3e96e7c1-491e-3ced-b6de-f69c8b4962e1
|t 0
|
| 952 |
f |
f |
|p ric
|a Texas A&M University
|b Rellis Campus
|c Joint Library Facility
|d Remote Storage
|t 0
|e HG179 .W439 1984
|h Library of Congress classification
|i unmediated -- volume
|m A14808011696
|
| 998 |
f |
f |
|a HG179 .W439 1984
|t 0
|l Remote Storage
|